LEADER 01538nam 2200409Ia 450 001 996383911603316 005 20221108090350.0 035 $a(CKB)1000000000598721 035 $a(EEBO)2240878719 035 $a(OCoLC)42476316 035 $a(EXLCZ)991000000000598721 100 $a19991002d1682 uy | 101 0 $aeng 135 $aurbn||||a|bb| 200 00$aRemarkable observations on the comet, in the year 1680$b[electronic resource] $eas also on the blazing-star, now seen, this present month of August, 1682 210 $aLondon $cPrinted for E. Smith$d[1682] 215 $a1 sheet (2 p.) 300 $aProbably by John Holwell. In the final paragraph, the author refers to "a small piece ... which I intend to intitle Catastrophe mundi," a work by Holwell also published 1682. 300 $aImprint date from Wing. 300 $a"With Authoritie." 300 $aReproduction of original in: William Andrews Clark Memorial Library, University of California, Los Angeles. 330 $aeebo-0189 606 $aComets$y1680 606 $aComets$y1682 607 $aEurope$xHistory$yProphecies 607 $aHalley's comet$vEarly works to 1800 608 $aBroadsides$zLondon (England)$y17th century.$2rbgenr 615 0$aComets 615 0$aComets 701 $aHolwell$b John$f1649-1686?$01001569 801 0$bEAE 801 1$bEAE 801 2$bWaOLN 906 $aBOOK 912 $a996383911603316 996 $aRemarkable observations on the comet, in the year 1680$92344328 997 $aUNISA LEADER 01858oam 2200565 450 001 9910706219903321 005 20171030163119.0 035 $a(CKB)5470000002456242 035 $a(OCoLC)801243048$z(OCoLC)652423143 035 $a(EXLCZ)995470000002456242 100 $a20120720d1995 ua 0 101 0 $aeng 135 $aurbn||||||abp 135 $aurbn||||||ada 181 $ctxt$2rdacontent 182 $cc$2rdamedia 183 $acr$2rdacarrier 200 10$aLine-item veto $ejoint hearing before the Committee on Government Reform and Oversight, House of Representatives, and the Committee on Governmental Affairs, United States Senate, One Hundred Fourth Congress, first session, January 12, 1995 210 1$aWashington :$cU.S. Government Printing Office,$d1995. 215 $a1 online resource (iv, 167 pages) 320 $aIncludes bibliographical references. 517 $aLine-item veto 606 $aItem veto$zUnited States 606 $aBudget$zUnited States 606 $aExecutive impoundment of appropriated funds$zUnited States 606 $aBudget$2fast 606 $aExecutive impoundment of appropriated funds$2fast 606 $aItem veto$2fast 607 $aUnited States$2fast 615 0$aItem veto 615 0$aBudget 615 0$aExecutive impoundment of appropriated funds 615 7$aBudget. 615 7$aExecutive impoundment of appropriated funds. 615 7$aItem veto. 712 02$aUnited States.$bCongress.$bSenate.$bCommittee on Governmental Affairs, 801 0$bOCLCE 801 1$bOCLCE 801 2$bOCLCO 801 2$bOCLCQ 801 2$bOCLCA 801 2$bOCLCF 801 2$bOCLCQ 801 2$bOCLCO 801 2$bOCLCQ 801 2$bGPO 906 $aBOOK 912 $a9910706219903321 996 $aLine-item veto$93172235 997 $aUNINA